Strategic management in tourism (Record no. 159346)

MARC details
000 -LEADER
fixed length control field 00400nam a2200157Ia 4500
008 - FIXED-LENGTH DATA ELEMENTS--GENERAL INFORMATION
fixed length control field 230917s9999||||xx |||||||||||||| ||und||
040 ## - CATALOGING SOURCE
-- 194407
Original cataloging agency VIVEKANANDA LIBRARY
041 ## - Language
-- English
082 ## - DDC NUMBER
Classification number 338.4791 S82S(2)
100 ## - MAIN ENTRY--PERSONAL NAME
Personal name Moutinho, Luiz, ed.
245 #0 - TITLE STATEMENT
Title Strategic management in tourism
250 ## - EDITION STATEMENT
Edition statement 2nd ed.
260 ## - PUBLICATION, DISTRIBUTION, ETC. (IMPRINT)
Place of publication, distribution, etc Cambridge
Name of publisher, distributor, etc CAB International
Date of publication, distribution, etc 2011
300 ## - PHYSICAL DESCRIPTION
Pages x, 313 p.
942 ## - ADDED ENTRY ELEMENTS (KOHA)
Koha item type Books
Holdings
Withdrawn status Lost status Damaged status Not for loan Location (home branch) Sublocation or collection (holding branch) Shelving location Date acquired Koha issues (times borrowed) Koha full call number Accession No. Koha date last seen Koha item type
        VIVEKANANDA LIBRARY VIVEKANANDA LIBRARY IHTM Library 30/11/2011   338.4791 S82S(2) 292300 17/09/2023 Books
        VIVEKANANDA LIBRARY VIVEKANANDA LIBRARY IHTM Library 30/11/2011   338.4791 S82S(2) 302844 17/09/2023 Books
© Designed and Maintained by Vivekananda Library, MDU Rohtak